| 000 | nam a22 a 4500 | ||
|---|---|---|---|
| 999 |
_c182007 _d182007 |
||
| 003 | BLK | ||
| 005 | 20220705162749.0 | ||
| 008 | 180411b bul|||||r ||||||| ||bul|| | ||
| 010 | _aKNG00190930000 | ||
| 040 | _aBLK | ||
| 041 |
_aBUL _cBUL |
||
| 080 |
_aМикробиология. Вж и 663 _b579 _x(075.8) _z579(075.8) |
||
| 100 | 1 |
_aГущеров, Георги К. _eпърви автор _9274118 |
|
| 139 |
_aГущеров, Георги К. и др. _bГ 94 |
||
| 245 | 1 | 0 |
_aПрактикум по микробиология _bЗа студенти микробиолози, биохимици и биолози _cГеорги К. Гущеров; съавт. Цаню П. Тодоров; съавт. Любомир Пенчев Коминков. |
| 257 | _aBGR | ||
| 260 |
_aСофия _bНаука и изкуство _c1970 |
||
| 300 |
_a340 с. _bс ил. _c25 см |
||
| 380 | _a5 | ||
| 500 | _aБиблиогр. с. 334-335. | ||
| 650 | 4 |
_aМикробиология - учебници за ВУЗ _9242072 |
|
| 653 | _aмикробиология | ||
| 653 | _aучебници за ВУЗ | ||
| 700 | 1 |
_aТодоров, Цаню П. _eсъавт. _9342790 |
|
| 700 | 1 |
_aКоминков, Любомир Пенчев _eсъавт. _981724 |
|
| 852 |
_aЦб 56751 _bЦб |
||
| 856 | 4 | _qpdf | |
| 856 | 4 | _qpdf | |
| 942 |
_cKNG _n0 _s1 |
||
| 944 |
_aCR _c28.09.2016 _kКамелия_Данева |
||
| 944 |
_aED _c28.09.2016 _kКамелия_Данева |
||